header

Strategy and regional QFD (Record no. 49776)

MARC details
000 -LEADER
fixed length control field 01227nam a2200301Ia 4500
245 00 - TITLE STATEMENT
Title Strategy and regional QFD
260 ## - PUBLICATION, DISTRIBUTION, ETC. (IMPRINT)
Place of publication Bradford, England :
Name of publisher Emerald Group Publishing,
Year of publication c2005.
300 ## - PHYSICAL DESCRIPTION
Number of Pages 97 p.
490 0# - SERIES STATEMENT
Series statement Best practice quality function deployment (QFD) ;
Series statement International journal of quality & reliability management ;
650 #0 - SUBJECT ADDED ENTRY--TOPICAL TERM
Topical Term Factory management.
Topical Term Quality control.
700 1# - ADDED ENTRY--PERSONAL NAME
Personal name Hunt, Robert A.
Personal name Killen, Catherine P.
856 40 - ELECTRONIC LOCATION AND ACCESS
Uniform Resource Identifier http://site.ebrary.com/lib/rucke/Doc?id=10085662

No items available.

© 2026 Rongo University
Contact us: librarian | system librarian | Rongo university